[Event "Titled Tue 20th May Late"]
[Site "chess.com INT"]
[Date "2025.05.20"]
[Round "5"]
[White "Avramidou, Anastasia"]
[Black "Eswaran, Ashritha"]
[Result "0-1"]
[WhiteTitle "FM"]
[BlackTitle "FM"]
[WhiteElo "2294"]
[BlackElo "2236"]
[WhiteFideId "4239873"]
[BlackFideId "2080788"]
[EventDate "2025.05.20"]

1. Nf3 Nf6 2. c4 e6 3. Nc3 d5 4. d4 h6 5. g3 Bd6 6. Bg2 O-O 7. O-O Nc6 8. b3 Re8
9. Bb2 dxc4 10. bxc4 e5 11. e3 Bg4 12. h3 Bh5 13. g4 Bg6 14. d5 Na5 15. Qe2 Ne4
16. Nxe4 Bxe4 17. Bc3 b6 18. Bxa5 bxa5 19. Nd2 Bxg2 20. Kxg2 e4 21. Nb3 a4 22.
Nd4 Qf6 23. Nf5 Be5 24. Rab1 g6 25. Ng3 Bd6 26. Qc2 Qe5 27. c5 Bf8 28. Rfd1 a3
29. Qc4 h5 30. Qd4 h4 31. Ne2 Qxd4 32. exd4 e3 33. f3 Rab8 34. d6 cxd6 35. c6 d5
36. Kf1 Bb4 37. Rdc1 a5 38. c7 Rbc8 39. Rc6 Re7 40. Rbc1 Kf8 41. R1c2 g5 42. Nc1
Ke8 43. Ke2 Re6 44. Nd3 Rxc6 45. Rxc6 f6 46. Kxe3 Kd7 47. Rxf6 Re8+ 48. Kf2 Kxc7
49. Rf5 Bd2 50. Re5 Rb8 51. Ke2 Rb2 52. Rxd5 Rxa2 53. Rc5+ Kd6 54. Rb5 Bb4+ 55.
Kf1 Rb2 56. Nc5 Bxc5 57. dxc5+ Kc6 58. Rxa5 a2 59. f4 gxf4 60. g5 Rb1+ 61. Kf2
a1=Q 62. Rxa1 Rxa1 63. Kf3 Ra4 64. g6 Ra3+ 65. Kg4 Rg3+ 66. Kxf4 Rxg6 67. Kf5
Rg8 0-1

[Event "Titled Tue 20th May Late"]
[Site "chess.com INT"]
[Date "2025.05.20"]
[Round "5"]
[White "Roebers, Eline"]
[Black "Ragger, Markus"]
[Result "1-0"]
[WhiteTitle "IM"]
[BlackTitle "GM"]
[WhiteElo "2361"]
[BlackElo "2566"]
[WhiteFideId "1058401"]
[BlackFideId "1610856"]
[EventDate "2025.05.20"]

1. e4 e5 2. Nf3 Nc6 3. Nc3 Nf6 4. a3 g6 5. d4 exd4 6. Nxd4 Bg7 7. Bg5 h6 8. Bh4
O-O 9. Nxc6 bxc6 10. Bd3 Rb8 11. O-O d6 12. Rb1 Re8 13. f4 Qd7 14. h3 Nh5 15. f5
Be5 16. fxg6 fxg6 17. Bc4+ Kg7 18. Rf7+ Qxf7 19. Bxf7 Kxf7 20. Qf3+ Kg8 21. Qe3
Kg7 22. Qxa7 Rb7 23. Qe3 Be6 24. b3 Rf8 25. Rf1 Nf4 26. Bg3 g5 27. Re1 Rbb8 28.
Ne2 Rf7 29. Nd4 Bd7 30. Nf3 Nxh3+ 31. Kh2 Bxg3+ 32. Kxg3 Nf4 33. Nd4 Re8 34.
Nxc6 Bxc6 35. Qc3+ Re5 36. Qxc6 h5 37. a4 Kg6 38. b4 g4 39. a5 Kg5 40. a6 h4+
41. Kh2 g3+ 42. Kg1 h3 43. a7 h2+ 44. Kh1 Nh3 45. gxh3 Rf2 46. Rg1 Kh4 47. a8=Q
hxg1=Q+ 48. Kxg1 Re2 49. Qh8+ Kg5 50. Qg7+ Kf4 51. Qf6+ Ke3 52. Qc3+ Kxe4 53.
Qd3# 1-0

[Event "Titled Tue 20th May Late"]
[Site "chess.com INT"]
[Date "2025.05.20"]
[Round "5"]
[White "Saidov, Bilukhadzh"]
[Black "Gubajdullin, Alexei"]
[Result "1-0"]
[WhiteTitle "FM"]
[BlackTitle "FM"]
[WhiteElo "2309"]
[BlackElo "2227"]
[WhiteFideId "34165476"]
[BlackFideId "4141202"]
[EventDate "2025.05.20"]

1. d4 Nf6 2. Nf3 e6 3. Bf4 c5 4. e3 Nc6 5. c3 b6 6. Nbd2 Bb7 7. h3 Be7 8. Bd3
O-O 9. O-O cxd4 10. exd4 d6 11. Bh2 Re8 12. Re1 a6 13. a4 Bf8 14. Qe2 Qc7 15.
Nc4 Rad8 16. Ne3 g6 17. Bxa6 Ba8 18. Bb5 Bg7 19. Qc4 Qb7 20. Bxc6 Qxc6 21. Qxc6
Bxc6 22. Nc4 e5 23. dxe5 dxe5 24. Nfxe5 Bb7 25. Nxb6 Ne4 26. Nec4 Bf8 27. Bc7
Rd3 28. f3 Bc5+ 29. Kh2 Nf6 30. a5 Ba6 31. b4 Bf2 32. Rxe8+ Nxe8 33. Be5 f6 34.
Bg3 Bxg3+ 35. Kxg3 Rxc3 36. Nd2 Rc2 37. Ne4 Rb2 38. Nc5 Bb5 39. a6 Rxb4 40. a7
Bc6 41. a8=Q Bxa8 42. Rxa8 Kf7 43. Ra7+ Kg8 44. Nd5 Rb5 45. Ra8 Rxc5 46. Rxe8+
Kf7 47. Rd8 Ke6 48. Nf4+ Ke7 49. Ra8 g5 50. Ra7+ Kf8 51. Nh5 1-0

[Event "Titled Tue 20th May Late"]
[Site "chess.com INT"]
[Date "2025.05.20"]
[Round "5"]
[White "Gunduz, Umut Erdem"]
[Black "Demchenko, Anton"]
[Result "0-1"]
[WhiteTitle "IM"]
[BlackTitle "GM"]
[WhiteElo "2268"]
[BlackElo "2619"]
[WhiteFideId "6381383"]
[BlackFideId "4160258"]
[EventDate "2025.05.20"]

1. e4 d6 2. d4 Nf6 3. Nc3 e5 4. Nf3 Nbd7 5. Bc4 Be7 6. O-O O-O 7. Re1 c6 8. a4
Qc7 9. h3 h6 10. Be3 Re8 11. Qd2 Bf8 12. a5 exd4 13. Bxd4 Ne5 14. Be2 Bd7 15.
Qe3 Qb8 16. Qf4 Ng6 17. Qg3 Nxe4 18. Nxe4 Rxe4 19. Bd3 Rxe1+ 20. Rxe1 d5 21. Ne5
Nxe5 22. Bxe5 Qd8 23. b4 Qg5 24. Qxg5 hxg5 25. c3 Re8 26. Kf1 c5 27. bxc5 Bxc5
28. Bd4 Rxe1+ 29. Kxe1 Bxd4 30. cxd4 Kf8 31. Kd2 Ke7 32. Kc3 f5 33. g3 f4 34. h4
gxh4 35. gxh4 Kd6 36. Kb4 Bg4 37. Bg6 Be2 38. Bf7 Bf3 39. Bg8 Be4 40. Bf7 Bd3
41. Bg8 Bc4 42. Bf7 b6 43. axb6 axb6 44. Bg8 Ke7 45. Bh7 Kf6 46. Bc2 g5 47. h5
g4 48. Bd1 f3 49. Kc3 Kg5 50. Kd2 Kxh5 51. Ke3 Kg5 52. Bc2 b5 53. Bb1 b4 54. Bc2
b3 55. Bb1 Ba6 56. Kd2 Kf4 0-1

[Event "Titled Tue 20th May Late"]
[Site "chess.com INT"]
[Date "2025.05.20"]
[Round "5"]
[White "Mazzilli, Piero"]
[Black "Obon Temprano, Sergi"]
[Result "1-0"]
[WhiteTitle "FM"]
[BlackTitle "FM"]
[WhiteElo "2274"]
[BlackElo "2155"]
[WhiteFideId "807087"]
[BlackFideId "2226545"]
[EventDate "2025.05.20"]

1. Nf3 d5 2. b3 Bg4 3. e3 Nd7 4. Bb2 c6 5. Be2 Ngf6 6. c4 e6 7. O-O Bd6 8. Nc3
O-O 9. h3 Bh5 10. d3 Rc8 11. Re1 Bb8 12. d4 Qc7 13. g3 Rfd8 14. Rc1 Qd6 15. c5
Qe7 16. Ne5 Bxe2 17. Nxe2 Nxe5 18. dxe5 Nd7 19. f4 Nxc5 20. Ba3 b6 21. Qc2 a6
22. Nd4 Ba7 23. b4 Ne4 24. Nxc6 Qb7 25. Nxd8 Rxd8 26. Qc7 Qxc7 27. Rxc7 Ra8 28.
Kg2 b5 29. Bb2 Bb6 30. Rb7 Bd8 31. Rc1 h6 32. Rc2 g5 33. Bd4 gxf4 34. exf4 h5
35. h4 Kg7 36. f5 Kg8 37. fxe6 fxe6 38. Rc1 a5 39. bxa5 Bxa5 40. Rxb5 Bd2 41.
Rc2 Bh6 42. Rb6 Kf7 43. Rb7+ Kg6 44. Kh3 Ra3 45. Rb3 Ra4 46. Ba1 Kf5 47. Rf3+
Kg6 48. a3 Bg7 49. Rc7 Nd2 50. Rf2 Ne4 51. Rf3 Nd2 52. Rff7 Bh8 53. Rh7 Bxe5 54.
Bxe5 Rxa3 55. Rcf7 Ne4 56. Rhg7+ Kh6 57. Bf4+ Ng5+ 58. Bxg5# 1-0

[Event "Titled Tue 20th May Late"]
[Site "chess.com INT"]
[Date "2025.05.20"]
[Round "5"]
[White "Terron Elena, Francisco M."]
[Black "Thorhallsson, Simon"]
[Result "0-1"]
[WhiteTitle "FM"]
[BlackTitle "FM"]
[WhiteElo "2148"]
[BlackElo "2218"]
[WhiteFideId "2210576"]
[BlackFideId "2310090"]
[EventDate "2025.05.20"]

1. e4 g6 2. d4 Bg7 3. Nf3 d6 4. c3 Nf6 5. Bd3 O-O 6. O-O c5 7. h3 Nc6 8. Re1
cxd4 9. cxd4 e5 10. d5 Nb4 11. Bf1 Na6 12. Nc3 Nc5 13. b4 Ncd7 14. a4 a5 15.
bxa5 Qxa5 16. Nb5 Qb6 17. Ba3 Nc5 18. Rb1 Ncxe4 19. Nbd4 Qd8 20. Nb5 Bd7 21. Bd3
Bxb5 22. Rxb5 Nc3 23. Qb3 Nxb5 24. Bxb5 Rc8 25. Bf1 Qc7 26. a5 Nd7 27. Bb4 Nc5
28. Qa3 b6 29. axb6 Qxb6 30. Ba5 Qa7 31. Bb4 Qxa3 32. Bxa3 Rfe8 33. Nd2 Ra8 34.
Bb4 Reb8 35. Bc3 Na4 36. Ba1 Nb2 37. Bxb2 Rxb2 38. Nc4 Rba2 39. Nxd6 Rd2 40. Ne4
Rxd5 41. Bc4 Rd4 42. Bb3 h6 43. g4 Ra7 44. Kg2 Kh7 45. h4 Rb4 46. Bc2 Ra2 47.
Bd3 Rd4 48. Bb1 Rb2 49. h5 Rdb4 50. hxg6+ fxg6 51. Bd3 R4b3 52. Re3 Bf8 53. g5
h5 54. Rf3 Kg7 0-1

[Event "Titled Tue 20th May Late"]
[Site "chess.com INT"]
[Date "2025.05.20"]
[Round "5"]
[White "Ermolaev, Evgeny"]
[Black "Mafra, Kaiser Luiz"]
[Result "1-0"]
[WhiteTitle "FM"]
[BlackTitle "CM"]
[WhiteElo "2282"]
[BlackElo "2094"]
[WhiteFideId "24103195"]
[BlackFideId "2106698"]
[EventDate "2025.05.20"]

1. d4 Nf6 2. c4 g6 3. Nf3 Bg7 4. g3 O-O 5. Bg2 d6 6. Nc3 Nbd7 7. O-O c5 8. d5 a6
9. a4 b6 10. h3 Bb7 11. e4 h6 12. Re1 Ne8 13. Bf4 g5 14. Bd2 Nc7 15. h4 g4 16.
Nh2 h5 17. f3 Ne5 18. fxg4 hxg4 19. Qe2 f5 20. exf5 Rxf5 21. Nxg4 Qd7 22. Nh6+
Bxh6 23. Bxh6 Rf7 24. Bf4 Ng6 25. Bg5 b5 26. axb5 axb5 27. Rxa8+ Bxa8 28. Nxb5
Nxb5 29. cxb5 Ne5 30. Bf4 Ng6 31. Qe6 Qxe6 32. dxe6 Rf8 33. Bg5 Bxg2 34. Kxg2
Rb8 35. h5 Ne5 36. Bxe7 Nc4 37. Bf6 Re8 38. b3 Nd2 39. Re3 d5 40. b6 d4 41. Re1
Nxb3 42. h6 c4 43. b7 d3 44. e7 d2 45. Rd1 Kf7 46. Bg5 Rb8 47. Bxd2 Rxb7 48. Bg5
Rb8 49. h7 c3 50. Re1 Re8 51. Rf1+ Kg7 52. Rf8 Rxf8 53. exf8=Q+ Kxf8 54. h8=Q+
Kf7 55. Qxc3 1-0

[Event "Titled Tue 20th May Late"]
[Site "chess.com INT"]
[Date "2025.05.20"]
[Round "5"]
[White "Alazmi, Amani"]
[Black "Nita, Lucian"]
[Result "1-0"]
[WhiteTitle "WCM"]
[WhiteElo "1725"]
[BlackElo "2143"]
[WhiteFideId "10303553"]
[BlackFideId "1206923"]
[EventDate "2025.05.20"]

1. e4 d6 2. d4 Nf6 3. Nc3 e5 4. dxe5 dxe5 5. Qxd8+ Kxd8 6. Bg5 Be6 7. O-O-O+ Nd7
8. Nf3 Kc8 9. Bb5 Bd6 10. Be2 Ng4 11. Bh4 f6 12. h3 Nh6 13. Nb5 Bc5 14. a3 a6
15. Nc3 Nf7 16. b4 Be7 17. Rd2 c5 18. b5 axb5 19. Nxb5 c4 20. Rhd1 Ra5 21. Bxc4
Nc5 22. Bxe6+ Nxe6 23. c4 Nc5 24. Kb2 Rd8 25. Rxd8+ Bxd8 26. Nd2 Be7 27. f3 Nd3+
28. Kc3 Nf4 29. Nb3 Ra8 30. g4 Bxa3 31. Ra1 Ne2+ 32. Kd2 Bb4+ 33. Kxe2 Rxa1 34.
Nxa1 Nd6 35. Nxd6+ Bxd6 36. Nc2 Kd7 37. Bf2 Kc6 38. Kd3 b5 39. cxb5+ Kxb5 40.
Ne3 g6 41. Nd5 f5 42. gxf5 gxf5 43. exf5 Kc6 44. Ke4 Bb8 45. f6 Bd6 46. f7 Kd7
47. Bh4 Ke6 48. f4 exf4 49. Nxf4+ Kxf7 50. Kf5 Bf8 51. Nh5 Bd6 52. Bf6 h6 53.
Bg7 Bf8 54. Bxf8 Kxf8 55. Kg6 Kg8 56. Kxh6 Kh8 57. Nf4 1-0

[Event "Titled Tue 20th May Late"]
[Site "chess.com INT"]
[Date "2025.05.20"]
[Round "5"]
[White "Tymrakiewicz, Rafal"]
[Black "Asish Panda"]
[Result "0-1"]
[WhiteTitle "FM"]
[WhiteElo "2189"]
[BlackElo "1911"]
[WhiteFideId "1108832"]
[BlackFideId "45012458"]
[EventDate "2025.05.20"]

1. d4 d5 2. Bg5 Nf6 3. e3 e6 4. Nd2 Be7 5. Bd3 b6 6. Qe2 Bb7 7. Bxf6 Bxf6 8. f4
c5 9. c3 a6 10. Ngf3 Nd7 11. O-O O-O 12. Ne5 g6 13. g4 Bg7 14. Nxd7 Qxd7 15. g5
f6 16. gxf6 Bxf6 17. Nf3 Kh8 18. Rf2 c4 19. Bc2 b5 20. a3 a5 21. Raf1 Qd6 22.
Rg2 Rg8 23. Ng5 Bxg5 24. Rxg5 b4 25. axb4 axb4 26. h4 bxc3 27. bxc3 Bc6 28. Rf2
Ra1+ 29. Kh2 Qa3 30. h5 Qc1 31. hxg6 Qh1+ 32. Kg3 h6 33. Rh5 Rg1+ 34. Rg2 Rxg2+
35. Qxg2 Qxh5 36. Kf2 Be8 37. f5 exf5 38. Qxd5 Qxg6 39. Qe5+ Qg7 40. Qh2 Bg6 41.
d5 f4 42. e4 Bxe4 43. Bxe4 Qg3+ 44. Qxg3 fxg3+ 45. Kg2 Kg7 46. d6 Kf6 47. Bd5
Rg7 48. Bxc4 Ke5 49. d7 Rxd7 50. Kxg3 Rc7 51. Be2 Rxc3+ 52. Kh4 Kf4 53. Bh5 Rc1
54. Bg4 Rh1+ 55. Bh3 h5 0-1

[Event "Titled Tue 20th May Late"]
[Site "chess.com INT"]
[Date "2025.05.20"]
[Round "5"]
[White "Drygalov, Andrey"]
[Black "Martinez Alcantara, Jose Eduardo"]
[Result "0-1"]
[WhiteTitle "GM"]
[BlackTitle "GM"]
[WhiteElo "2431"]
[BlackElo "2611"]
[WhiteFideId "24171735"]
[BlackFideId "3805662"]
[EventDate "2025.05.20"]

1. e4 c5 2. Nf3 d6 3. Bb5+ Nd7 4. O-O a6 5. Bd3 e6 6. Re1 Ngf6 7. c3 b6 8. Bc2
Bb7 9. d4 Be7 10. Nbd2 O-O 11. Nf1 Rc8 12. Ng3 b5 13. Qe2 Re8 14. e5 dxe5 15.
dxe5 Nd5 16. Qe4 Nf8 17. Qg4 Ng6 18. Ng5 Bxg5 19. Bxg5 Qc7 20. Nh5 Nxe5 21. Rxe5
Qxe5 22. Bf6 Qxf6 23. Nxf6+ Nxf6 24. Qe2 Bd5 25. Rd1 Bxa2 26. b3 c4 27. Bxh7+
Nxh7 28. Qxa2 cxb3 29. Qxb3 Rc6 30. Rd4 Rec8 31. Qd1 Nf8 32. Rd8 Rxd8 33. Qxd8
b4 34. c4 Rxc4 35. g3 e5 36. Qb6 Ne6 37. Qxa6 Rd4 38. Qb6 Kh7 39. Kg2 Kg6 40.
Qb5 Kf6 41. h4 g6 42. Qb6 Ke7 43. Qb5 Kd6 44. Kf1 Nc5 45. Qb6+ Kd5 46. Ke2 b3
47. f3 Rc4 48. g4 Rc2+ 49. Kd1 Rc3 50. Ke2 Rc2+ 51. Kd1 Kc4 52. Qc7 Rg2 53.
Qxf7+ Kb4 54. Qc7 b2 55. Qb6+ Kc4 0-1

[Event "Titled Tue 20th May Late"]
[Site "chess.com INT"]
[Date "2025.05.20"]
[Round "5"]
[White "Boyer, Mahel"]
[Black "Klepek, Witold"]
[Result "1-0"]
[WhiteTitle "GM"]
[BlackTitle "CM"]
[WhiteElo "2521"]
[BlackElo "2253"]
[WhiteFideId "45102422"]
[BlackFideId "1175068"]
[EventDate "2025.05.20"]

1. Nf3 Nf6 2. c4 g6 3. Nc3 d5 4. cxd5 Nxd5 5. h4 c5 6. h5 Bg7 7. h6 Bf6 8. e4
Nxc3 9. dxc3 O-O 10. Qxd8 Rxd8 11. Be3 b6 12. Bc4 Bb7 13. e5 Bh8 14. Ng5 e6 15.
f4 Bxg2 16. Rh2 Bd5 17. O-O-O Nc6 18. Bb5 Ne7 19. Rhd2 a6 20. Be2 Nf5 21. Bf2 b5
22. c4 bxc4 23. Bxc4 Nxh6 24. Bxd5 Rxd5 25. Rxd5 exd5 26. Rxd5 f6 27. exf6 Bxf6
28. Bxc5 Nf5 29. b4 h5 30. a4 h4 31. Ne4 Be7 32. Bxe7 Nxe7 33. Rd7 Kf7 34. Rb7
Ke6 35. Ng5+ Kd6 36. Nf7+ Ke6 37. Ng5+ Kd6 38. Kb2 Nd5 39. Kb3 Rh8 40. Ra7 Rh5
41. Rxa6+ Kc7 42. Nh3 Rf5 43. Rxg6 Nxf4 44. Nxf4 Rxf4 45. Rh6 Kb7 46. a5 Ka7 47.
Ka4 Kb7 48. Rh5 Ka7 49. Kb5 Kb7 50. Rh7+ Kb8 51. a6 Rf5+ 52. Kb6 Rf6+ 53. Ka5
Rf5+ 54. Kb6 Rf6+ 55. Ka5 Rf5+ 56. b5 Rf4 57. Rh8+ Kc7 58. a7 1-0

[Event "Titled Tue 20th May Late"]
[Site "chess.com INT"]
[Date "2025.05.20"]
[Round "5"]
[White "Kilic, Eray"]
[Black "Amburgy, Ryan"]
[Result "1/2-1/2"]
[WhiteTitle "IM"]
[BlackTitle "FM"]
[WhiteElo "2469"]
[BlackElo "2309"]
[WhiteFideId "44517173"]
[BlackFideId "30924820"]
[EventDate "2025.05.20"]

1. e4 c6 2. Nc3 d5 3. Nf3 dxe4 4. Nxe4 Nf6 5. Nxf6+ exf6 6. d4 Bd6 7. Bd3 O-O 8.
O-O Bg4 9. h3 Bh5 10. Be4 Nd7 11. Qd3 Bg6 12. Bxg6 hxg6 13. Be3 Re8 14. Rfd1 Nf8
15. c4 Bc7 16. d5 cxd5 17. cxd5 Qd6 18. Rac1 Bb6 19. Bxb6 axb6 20. a3 Red8 21.
Qc4 Ra5 22. Qc7 Qxc7 23. Rxc7 Raxd5 24. Rxd5 Rxd5 25. Rxb7 Rd6 26. Rb8 g5 27.
Ne1 g6 28. Nc2 Rd2 29. Nb4 Rxb2 30. Rxb6 Nd7 31. Rd6 Ne5 32. Rxf6 Rb3 33. Ra6
Nc4 34. Nc2 Rc3 35. Ne3 Nxe3 36. fxe3 Rxe3 37. a4 Ra3 38. a5 Kg7 39. Ra8 f5 40.
a6 Ra2 41. a7 Kh7 42. Kf1 Kg7 43. Ke1 Kh7 44. Kd1 g4 45. hxg4 fxg4 46. Ke1 g3
47. Kd1 Kg7 48. Kc1 Kh7 49. Kb1 Ra6 50. Kc2 Kg7 51. Kc3 Ra1 52. Kd4 Kh7 53. Ke5
Kg7 54. Kf4 Ra3 55. Kg4 Ra4+ 56. Kxg3 Ra3+ 57. Kh2 Ra2 58. Kh3 Ra1 59. g3 g5 60.
Kg4 Ra4+ 61. Kxg5 Ra5+ 62. Kh4 Ra4+ 63. g4 Ra1 64. Kh5 Ra5+ 65. g5 Ra1 66. Kh4
Rh1+ 67. Kg3 Rg1+ 68. Kf2 Ra1 69. Kf3 Ra3+ 70. Ke4 Ra4+ 71. Ke3 Ra3+ 72. Kf4
Ra4+ 73. Ke5 Ra5+ 74. Ke6 Ra6+ 75. Kf5 Ra5+ 76. Kf4 Ra4+ 77. Kg3 Ra3+ 78. Kg4
Ra4+ 79. Kh3 Ra3+ 80. Kh4 Ra4+ 81. Kh5 Ra1 82. Rd8 Rxa7 83. Rd6 Kg8 84. Rg6+ Kh8
85. Rh6+ Kg8 86. Rc6 Ra8 87. Kh6 Rb8 88. g6 Ra8 89. Rc7 Rb8 90. Rg7+ Kh8 91.
Rh7+ Kg8 92. Rf7 Ra8 93. Rc7 Rb8 94. Rg7+ Kh8 95. Re7 Kg8 96. Re6 Ra8 97. Rf6
Rb8 98. Rd6 Ra8 99. Rb6 Rc8 100. Ra6 Rb8 101. Rc6 Ra8 102. Rd6 Rb8 103. Rd7 Ra8
104. Rg7+ Kh8 105. Re7 Kg8 106. Re6 Rb8 107. Rc6 1/2-1/2

[Event "Titled Tue 20th May Late"]
[Site "chess.com INT"]
[Date "2025.05.20"]
[Round "5"]
[White "Luong Phuong Hanh"]
[Black "Martinez Ramirez, Lennis"]
[Result "0-1"]
[WhiteTitle "WIM"]
[BlackTitle "IM"]
[WhiteElo "2144"]
[BlackElo "2438"]
[WhiteFideId "12401013"]
[BlackFideId "3509079"]
[EventDate "2025.05.20"]

1. d4 Nf6 2. Nf3 d5 3. Bf4 c5 4. e3 Nc6 5. c3 Bg4 6. Nbd2 e6 7. Bd3 Bd6 8. Bg3
O-O 9. Qc2 Rc8 10. Bh4 h6 11. Qb1 e5 12. dxe5 Nxe5 13. Nxe5 Bxe5 14. h3 Be6 15.
O-O Bb8 16. e4 c4 17. Bc2 g5 18. Bg3 Bxg3 19. fxg3 d4 20. cxd4 Qxd4+ 21. Rf2 c3
22. Nf3 Qe3 23. bxc3 Rxc3 24. Qe1 Qc5 25. Bb3 g4 26. Nh4 gxh3 27. Kh2 Ng4+ 28.
Kg1 h2+ 29. Kh1 Nxf2+ 30. Kxh2 Ng4+ 31. Kh1 Re3 32. Qd2 Qc3 33. Qxc3 Rxc3 34.
Bd1 h5 35. Nf3 Nf2+ 36. Kh2 Nxe4 37. Nh4 Nxg3 38. Bf3 Nf5 39. Nxf5 Bxf5 40. Bxh5
Rd8 41. Bf3 Rd2 42. Rf1 Rcc2 43. Bxb7 Be6 44. a4 Rb2 45. Be4 Bc4 46. Rc1 Be6 47.
Rc5 Rb4 48. Rg5+ Kf8 49. Bc6 Rg4 50. Rb5 Rh4+ 51. Kg3 Rg4+ 52. Kh2 Rg6 53. Rb8+
Kg7 54. Be4 Rg5 55. Rb7 Bd5 56. Bxd5 Rdxd5 57. Rxa7 Ra5 58. Re7 Rxa4 59. Re3
Rag4 60. Rh3 Rxg2+ 61. Kh1 Rg1+ 62. Kh2 R5g2# 0-1

[Event "Titled Tue 20th May Late"]
[Site "chess.com INT"]
[Date "2025.05.20"]
[Round "5"]
[White "Donchenko, Alexander"]
[Black "Pavlov, Nikolay"]
[Result "1-0"]
[WhiteTitle "GM"]
[BlackTitle "FM"]
[WhiteElo "2615"]
[BlackElo "2316"]
[WhiteFideId "24603295"]
[BlackFideId "24141470"]
[EventDate "2025.05.20"]

1. d4 Nf6 2. c4 e6 3. g3 d5 4. Bg2 dxc4 5. Nf3 Bb4+ 6. Bd2 a5 7. Qc2 Bxd2+ 8.
Qxd2 c6 9. a4 b5 10. axb5 cxb5 11. Qg5 O-O 12. Qxb5 Ba6 13. Qxa5 Bb7 14. Qxd8
Rxa1 15. Qxf8+ Kxf8 16. O-O Ra2 17. Ne5 Ba6 18. Rc1 Rxb2 19. e3 Nbd7 20. Nxd7+
Nxd7 21. Bf1 e5 22. Na3 exd4 23. Bxc4 dxe3 24. Bxa6 exf2+ 25. Kf1 Ra2 26. Rc8+
Ke7 27. Rc3 Nf6 28. Re3+ Kf8 29. Be2 Nd5 30. Rb3 g6 31. Kxf2 h5 32. Nc4 Nf6 33.
Rb2 Ra1 34. Bf3 Kg7 35. Ne5 Ra5 36. Re2 Ng8 37. h4 Nh6 38. Nc4 Rc5 39. Nd6 Ng8
40. Ra2 Rc3 41. Ra7 Rc5 42. Rxf7+ Kh6 43. Ra7 Rc2+ 44. Kg1 Nf6 45. Nf7+ Kg7 46.
Ne5+ Kh6 47. Nf7+ Kg7 48. Ng5+ Kh6 49. Rf7 Rc1+ 50. Kg2 Rc2+ 51. Kh3 Rc6 52.
Bxc6 1-0

[Event "Titled Tue 20th May Late"]
[Site "chess.com INT"]
[Date "2025.05.20"]
[Round "5"]
[White "Brozynski, Patryk"]
[Black "Thake, Conrad"]
[Result "1-0"]
[BlackTitle "CM"]
[WhiteElo "2219"]
[BlackElo "1873"]
[WhiteFideId "2512700"]
[BlackFideId "5602947"]
[EventDate "2025.05.20"]

1. Nf3 Nf6 2. e3 g6 3. b3 Bg7 4. Bb2 O-O 5. Be2 d6 6. O-O c5 7. d4 cxd4 8. Nxd4
Nc6 9. c4 Bd7 10. Nd2 Re8 11. Bf3 e5 12. Nb5 Be6 13. Ne4 d5 14. Nxf6+ Bxf6 15.
cxd5 a6 16. Na3 e4 17. Bxf6 Qxf6 18. Bxe4 Rad8 19. Rc1 Nb4 20. d6 Nxa2 21. Rc7
Nc3 22. Qf3 Nxe4 23. Qxe4 Bxb3 24. Qxb7 Qxd6 25. h3 Qxa3 26. Rb1 Be6 27. Rb6
Rd1+ 28. Kh2 Qa1 29. Rxe6 Rxe6 30. Qc8+ Kg7 31. Qxe6 Qf6 32. Qxf6+ Kxf6 33. Rc6+
Ke5 34. Rxa6 Rd2 35. Kg3 f5 36. h4 Rd7 37. Kf3 Re7 38. Rb6 Kd5 39. Ra6 Ke5 40.
Ra1 Kf6 41. Rd1 Re6 42. Rd8 Kf7 43. Rd7+ Kg8 44. Kf4 Re4+ 45. Kg5 Rg4+ 46. Kf6
h6 47. g3 g5 48. Rg7+ Kh8 49. hxg5 hxg5 50. Rxg5 Re4 51. Kxf5 Re7 52. Kg4 Rf7
53. f4 Rf8 54. e4 Rf7 55. e5 Rf8 56. f5 Kh7 57. Kf4 Kh6 58. Rg6+ Kh7 59. e6 Re8
60. Rg4 Rf8 61. Ke5 Kh6 62. f6 1-0

[Event "Titled Tue 20th May Late"]
[Site "chess.com INT"]
[Date "2025.05.20"]
[Round "5"]
[White "Lugo, Blas"]
[Black "Nguyen Hong Nhung"]
[Result "0-1"]
[WhiteTitle "IM"]
[BlackTitle "WFM"]
[WhiteElo "2399"]
[BlackElo "2197"]
[WhiteFideId "2011263"]
[BlackFideId "12412201"]
[EventDate "2025.05.20"]

1. e4 c5 2. Nf3 e6 3. d4 cxd4 4. Nxd4 Nc6 5. Nc3 Qc7 6. Ndb5 Qb8 7. Be3 Nf6 8.
Qd2 a6 9. Nd4 Qc7 10. f3 Ne5 11. O-O-O Bb4 12. a3 Bxc3 13. Qxc3 Qxc3 14. bxc3 d5
15. exd5 Nxd5 16. Bd2 b5 17. f4 Nc4 18. Bxc4 bxc4 19. Rhe1 O-O 20. Kb2 Bb7 21.
Ka2 Nf6 22. g3 Ne4 23. Re3 Rfd8 24. Be1 Rd7 25. Rb1 Bd5 26. Rb6 Rb7 27. Rxb7
Bxb7 28. Nf3 Rd8 29. Nd4 h6 30. Kb2 g5 31. Kc1 Kg7 32. Bd2 Kg6 33. Re1 Rd7 34.
Nf3 f6 35. Nd4 e5 36. fxe5 fxe5 37. Nf3 Re7 38. Be3 Nxg3 39. hxg3 Bxf3 40. Bd4
e4 41. Kd2 h5 42. Rb1 Kf5 43. Ke3 Kg4 44. Kf2 Rf7 45. Rb6 Bd1+ 46. Ke1 Bxc2 47.
Rg6 Bd3 48. Be3 Kf3 49. Kd2 Rb7 50. Bxg5 e3+ 51. Bxe3 Rb2+ 52. Kc1 Rc2+ 53. Kd1
Bxg6 54. Bd4 Ra2 55. Ke1 Ra1+ 56. Kd2 Kxg3 57. Ke3 Re1+ 58. Kd2 Re4 59. Kd1 Kf3
60. Kd2 h4 61. Bf6 h3 0-1

[Event "Titled Tue 20th May Late"]
[Site "chess.com INT"]
[Date "2025.05.20"]
[Round "5"]
[White "Wang, Justin Zhide"]
[Black "Holinka, Henning"]
[Result "1-0"]
[BlackTitle "FM"]
[WhiteElo "2007"]
[BlackElo "2303"]
[WhiteFideId "4312830"]
[BlackFideId "12967084"]
[EventDate "2025.05.20"]

1. e4 c5 2. Nf3 e6 3. d4 cxd4 4. Nxd4 a6 5. Bd3 Bc5 6. Nb3 Ba7 7. O-O Nc6 8. Qe2
Nf6 9. Be3 Bxe3 10. Qxe3 d6 11. c4 O-O 12. Nc3 b6 13. Rfd1 Bb7 14. Rac1 Ne5 15.
Be2 Qc7 16. f4 Ng6 17. Nd4 Rfe8 18. Bf3 Nh4 19. b3 e5 20. fxe5 Rxe5 21. Qf2
Nxf3+ 22. gxf3 Rae8 23. Nf5 Rxf5 24. exf5 Re5 25. Qd4 Ne8 26. Ne4 Rxf5 27. Nxd6
Rg5+ 28. Kf2 Rg6 29. c5 bxc5 30. Rxc5 Qxd6 31. Re5 Qxd4+ 32. Rxd4 Kf8 33. Rb4
Bc6 34. Rb6 Bb5 35. Rb8 Re6 36. Rxe6 fxe6 37. a4 Bd7 38. Rb6 Ke7 39. Rxa6 Nc7
40. Ra7 Kd6 41. Rb7 Bc6 42. Rb8 Na6 43. Rg8 g6 44. a5 Nc5 45. b4 Na6 46. Rd8+
Kc7 47. Rd4 e5 48. Rh4 Kd6 49. Rxh7 Nxb4 50. Rh6 Be8 51. h4 Ke7 52. Rh7+ Ke6 53.
Rb7 Nd3+ 54. Kg3 Nc5 55. a6 Bc6 56. Rb6 Kd7 57. a7 Bd5 58. Rb8 Kc7 59. a8=Q Bxa8
60. Rxa8 e4 61. fxe4 Nxe4+ 62. Kf4 Nc5 63. Kg5 Kb7 64. Ra1 Nd7 65. Kxg6 1-0

[Event "Titled Tue 20th May Late"]
[Site "chess.com INT"]
[Date "2025.05.20"]
[Round "5"]
[White "Pranesh, M"]
[Black "Praggnanandhaa, R"]
[Result "0-1"]
[WhiteTitle "GM"]
[BlackTitle "GM"]
[WhiteElo "2576"]
[BlackElo "2758"]
[WhiteFideId "35028600"]
[BlackFideId "25059530"]
[EventDate "2025.05.20"]

1. d4 d5 2. Nf3 Nf6 3. Bg5 c5 4. e3 Nc6 5. Nbd2 cxd4 6. exd4 Qb6 7. Bxf6 gxf6 8.
c4 Be6 9. c5 Qc7 10. Bb5 Rg8 11. g3 Bh3 12. Qc2 h5 13. Qh7 Rg6 14. Qxh5 Qd7 15.
Nh4 Bg4 16. Qh7 Qe6+ 17. Kf1 Bh3+ 18. Kg1 Rh6 19. Qd3 O-O-O 20. Bxc6 bxc6 21.
Ng2 Qd7 22. Nf4 Bf5 23. Qa6+ Qb7 24. Qa4 e5 25. Ng2 Bh3 26. Nb3 Kc7 27. f3 Rh5
28. Kf2 Bh6 29. Rae1 Rh8 30. Re2 Bg7 31. Nf4 exf4 32. g4 Bxg4 33. fxg4 Rxh2+ 34.
Rxh2 Rxh2+ 35. Kf1 Rxe2 36. Kxe2 a6 37. Qa5+ Kc8 38. Kf3 Bh6 39. Qe1 Kd7 40. Qh4
Bg5 41. Qh7 Ke7 42. Na5 Qb5 43. Nxc6+ Qxc6 44. Qc2 Qb5 45. Kg2 Kd7 46. a4 Qb4
47. Qf5+ Kc7 48. Qxd5 Qxb2+ 49. Kf3 Qc3+ 50. Kg2 Qg3+ 51. Kf1 Qh3+ 52. Kg1 Qxg4+
53. Kh1 Qh3+ 54. Kg1 Qe3+ 55. Kh1 Qe6 56. Qa8 Qc6+ 57. Qxc6+ Kxc6 0-1